| 000 | 00841nam a2200265 i 4500 | ||
|---|---|---|---|
| 001 | 41786 | ||
| 003 | ES-MaACL | ||
| 005 | 20260525062926.0 | ||
| 007 | t| | ||
| 008 | 030311s1961 sp |||| | spa d | ||
| 080 | _a811.134.2'373.6 | ||
| 080 | _a811.134.2'373.46 | ||
| 080 | _a811.134.2'37 | ||
| 100 | 1 |
_aCasares, Julio, _d1877-1964 _936157 |
|
| 245 | 1 | 0 |
_aCosas del lenguaje _b: etimología, lexicología, semántica / _cJulio Casares. |
| 260 |
_aMadrid : _bEspasa-Calpe, _c[1961] |
||
| 300 |
_a236 p. ; _c18 cm. |
||
| 490 | 1 |
_aColección austral ; _v1305 |
|
| 650 | 0 | 4 |
_aLengua española- _xEtimología _914156 |
| 650 | 0 | 4 |
_aLengua española- _xLexicología. _914172 |
| 650 | 0 | 4 |
_aLengua española- _xSemántica. _914185 |
| 830 | 0 |
_aColección austral _v1305 _9177655 |
|
| 852 |
_aES-MaACL _jC-21047 |
||
| 999 |
_c41786 _d41786 |
||